| 000 | 00649nam a2200205 i 4500 | ||
|---|---|---|---|
| 001 | bg | ||
| 100 | 1 | _aGUILLAUME, Paul | |
| 245 | 0 |
_aPodręcznik psychologii / _cPaul Guillaume ; z przedmową Mieczysława Kreutza ; [tł.z franc. Mieczysław Kreutz i Henryk Suchorzewski]. |
|
| 260 |
_aWarszawa : _bPańst. Wydaw. Naukowe, _c1958. |
||
| 300 |
_a376, [2] s. : _bfot., rys. ; _c25 cm. |
||
| 650 | 9 | _aPsychologia | |
| 655 | _aPodręczniki | ||
| 700 | 1 |
_aKREUTZ, Mieczysław. _ead *tł |
|
| 700 | 1 |
_aSUCHORZEWSKI, Henryk. _eTł. |
|
| 040 | _cBPK | ||
| 041 | _apol | ||
| 080 | _a159.9(07) | ||
| 942 | _cKS | ||
| 008 | s pl f |000 0 pol | ||
| 999 |
_c6848 _d6848 |
||
| 856 |
_uhttp://koha.tu.koszalin.pl/cgi-bin/koha/opac-detail.pl?biblionumber=6848 _yKatalog online BPK |
||